Hong Kong 1988

Enregistré dans:
Détails bibliographiques
Format: Livre
Langue:anglais
Publié: Hong Kong Government Information Services 1988
Sujets:
Tags: Ajouter un tag
Pas de tags, Soyez le premier à ajouter un tag!

MARC

LEADER 00000nam a2200000 4500
001 c038594
005 20251103114614.0
041 0 |a eng 
044 |a GB 
245 1 0 |a Hong Kong 1988 
264 1 |a Hong Kong  |b Government Information Services  |c 1988 
300 |a 380 s. 
610 2 0 |a Hongkong